00398 a2200145 4500003000400000005001700004008004100021040000900062082001700071100003600088245007500124250001200199260003200211300000900243OSt20240127102452.0240127b |||||||| |||| 00| 0 eng d coclc a301.4bCHE/M aCherushola, Abdul Jaleel Saqafi aMathethara Rajyathe Muslim Jeevitham /cAbdul Jaleel Saqafi Cherushola a2nd ed. aCalicut:bIPB Books,c2023. a54p.